|
|
|
|
| LEADER |
01332nam a22002537a 4500 |
| 001 |
AAL9739 |
| 003 |
BD-DhAAL |
| 005 |
20240905125039.0 |
| 008 |
181204t 2016bg ||||| |||| 00| u ben d |
| 020 |
|
|
|a 9789029900735
|
| 040 |
|
|
|a BD-DhAAL
|c BD-DhAAL
|
| 082 |
|
|
|a 891.44
|2 23
|
| 100 |
|
|
|a হিলালী, মাহফুজা
|9 29101
|
| 245 |
|
|
|a সাহিত্যের নানা মাত্রা /
|c মাহফুজা হিলালী
|
| 264 |
|
|
|a ঢাকা :
|b আফসার ব্রাদার্স,
|c ২০১৬.
|
| 300 |
|
|
|a ১৯১ পৃষ্ঠা ;
|c ২৪ সে.মি.
|
| 541 |
|
|
|a Complementary copy from Author/ Campus Library
|e 9739, 43016
|
| 650 |
|
|
|a Bengali Literature.
|9 29102
|
| 650 |
|
|
|a বাংলা সাহিত্য.
|9 29103
|
| 852 |
|
|
|a Savar Campus Library
|c General shelf
|
| 942 |
|
|
|2 ddc
|c BK
|
| 999 |
|
|
|c 40315
|d 40315
|
| 952 |
|
|
|0 0
|1 0
|2 ddc
|4 0
|6 891_440000000000000_HIL
|7 0
|9 64733
|a SCL
|b SCL
|c GEN
|d 2018-12-04
|e Gift: Hilali
|g 250.00
|l 11
|m 29
|o 891.44 HIL
|p 3020009739
|r 2026-05-06
|s 2026-02-22
|t 1
|w 2018-12-04
|y BK
|
| 952 |
|
|
|0 0
|1 0
|2 ddc
|4 0
|6 891_440000000000000_HIL
|7 0
|9 76131
|a SCL
|b SCL
|c GEN
|d 2018-12-04
|e Complementary copy from Author/ Savar Campus Library
|g 250.00
|l 0
|o 891.44 HIL
|p 3020043016
|r 2024-09-04
|t 2
|w 2018-12-04
|y BK
|x Complementary copy from Author/ Savar Campus Library
|